[Event "Tata Steel-A 80th"]
[Site "Wijk aan Zee"]
[Date "2018.01.13"]
[Round "1"]
[White "Kramnik, Vladimir"]
[Black "Wei, Yi"]
[Result "1-0"]
[WhiteElo "2787"]
[BlackElo "2743"]
[Annotator "Fernandez,D"]
[PlyCount "109"]
[EventDate "2018.01.13"]
[EventType "tourn"]
[EventRounds "13"]
[EventCountry "NED"]
[EventCategory "20"]
[SourceTitle "CBM 183"]
[Source "ChessBase"]
[SourceDate "2018.03.14"]
[SourceVersion "1"]
[SourceVersionDate "2018.03.14"]
[SourceQuality "1"]
[TimeControl "40/5400+30:1800+30"]

1. Nf3 {[%emt 0:00:00]} d5 {[%emt 0:00:00]} 2. g3 {[%emt 0:00:00]} g6 {[%emt 0:
00:00]} 3. Bg2 {[%emt 0:00:00]} Bg7 {[%emt 0:00:00]} 4. d4 {[%emt 0:00:00]} Nf6
{[%emt 0:00:00]} 5. O-O {[%emt 0:00:00]} O-O {[%emt 0:00:00]} 6. c4 {[%emt 0:
00:00]} dxc4 {[%emt 0:00:00]} 7. Na3 {[%emt 0:00:00] A good move to play for a
long technical battle!} c5 {[%emt 0:00:00]} (7... c3) 8. dxc5 {[%emt 0:00:00]}
c3 {[%emt 0:00:00] The approved method of gaining equality, but I think Black
might have to take the pawn on the next move to prove it.} (8... Qxd1 {was
tried recently, but it is more unpleasant for Black.} 9. Rxd1 Nfd7 10. Nxc4
Nxc5 11. Be3 $16 {Meier,G-Edouard,R Germany 2017}) 9. Nb5 $1 {[%emt 0:00:00]}
Na6 {[%emt 0:01:46]} (9... cxb2 10. Bxb2 Bd7 11. Qb3 Bc6 12. Rfd1 {was a
previous Kramnik game: Kramnik,V-Topalov,V London 2016; here I think ...Qa5
and then ...Nbd7 offers Black reasonable play.} Qa5 $132 (12... Nbd7)) 10. Nxc3
{[%emt 0:00:00]} Nxc5 {[%emt 0:01:00][%cal Gg2a8,Gg7a1]} 11. Be3 {[%emt 0:00:
00]} Nfe4 {[%emt 0:10:18]} 12. Nxe4 {[%emt 0:00:00]} Nxe4 {[%emt 0:00:07]} 13.
Bd4 $1 {[%emt 0:00:00]} Bxd4 {[%emt 0:00:16]} 14. Qxd4 {[%emt 0:00:07]} Qxd4 {
[%emt 0:01:35]} 15. Nxd4 {[%emt 0:04:21]} Nd6 {[%emt 0:00:08][%csl Gd6]
Unbelievably, this had all been seen before, and from Wei Yi's next move, it
is clear that he had seen the precedent.} 16. Rac1 $146 {[%emt 0:03:03]} (16.
Rfc1 Rd8 17. Rc7 Kf8 18. Rac1 Ne8 19. R7c4 Nd6 20. Rc5 Bd7 $11 {Ding,L-Giri,A
Palma de Mallorca 2017, was equal and ultimately drawn.}) 16... Rd8 {[%emt 0:
10:01]} (16... e5 17. Nb3 Be6 {was now worthy of note, and while I might think
it's an equalising route, we will just have to wait for Kramnik to beat
another elite player to find out what he had in mind here!}) 17. f4 {[%emt 0:
03:19][%cal Gg1f2] This approach goes better with the rook on f1 than a1, as
White wants to bring it to d1 next.} Kf8 {[%emt 0:20:37]} 18. Kf2 {[%emt 0:05:
11]} Bg4 {[%emt 0:03:04]} 19. h3 {[%emt 0:08:32]} Bd7 {[%emt 0:00:50]} 20. e4 {
[%emt 0:19:50][%cal Ge4e5]} (20. Rc7 $5 {appeals to me, as I think the e4-e5
push gains in strength from there being no rooks on the board.}) 20... Rac8 {
[%emt 0:07:03]} (20... Nb5 $1 {was still objectively equal if a little
unpleasant over the board:} 21. Nxb5 (21. Rfd1 Nxd4 22. Rxd4 Be6 $15) 21...
Bxb5 22. Rfd1 Rxd1 23. Rxd1 Rc8 24. Rd2 f6 $11) 21. Rxc8 {[%emt 0:13:34]} (21.
e5 {may have been good, taking advantage of a moment when Black is not able to
reply with ...Nb5 and must worry about the b7-pawn.} Nf5 22. Ne2 Bb5 $1 {
This accurate move may be needed to hold the balance. There could follow} 23.
Rxc8 Rxc8 24. Rc1 Rxc1 25. Nxc1 b6 26. Be4 {and Black should just be equal
with one or two more good moves.}) 21... Rxc8 {[%emt 0:01:47]} 22. Rd1 {
[%emt 0:00:31] The point seems to be that after ...Nb5 White now intends Ne2!,
a4, and Nc3.} Ke8 {[%emt 0:22:30]} (22... Nb5 23. Ne2 {[%cal Ga2a4,Ge2c3]}) 23.
e5 {[%emt 0:07:21]} Nf5 {[%emt 0:00:42][%cal Gc8c2]} 24. Nb3 {[%emt 0:03:29]} (
24. Nxf5 Rc2+ {[%csl Gg2]}) 24... Bc6 {[%emt 0:07:27]} (24... Rc2+ 25. Rd2
Rxd2+ 26. Nxd2 b6 {would have led to a similar ending to the last note.'} 27.
g4 Nd4 28. a3 $14) 25. Rc1 {[%emt 0:02:57] Now I think White has a little
something!} Kd7 {[%emt 0:00:10]} 26. Nc5+ {[%emt 0:02:27]} Ke8 {[%emt 0:00:19]}
27. Nd3 {[%emt 0:07:15]} (27. Na6 $5 {is rather flashy for a move that is only
trying to inflict pawn weaknesses on the opponent, but Black seems to be fine
after the accurate} Nd4 $1 $11) 27... Kd7 {[%emt 0:01:43]} 28. g4 {[%emt 0:07:
53] Giving Black a major headache - his best move now requires a wrinkle to
make it playable.} Nd4 $6 {[%emt 0:08:05]} (28... Bxg2 29. Rxc8 (29. e6+ {
[%csl Gc8,Gd7]} fxe6 30. Ne5+ Kd8 31. Nf7+ {DF} Kd7 32. Rxc8 Kxc8 33. Kxg2 Nd6
34. Ng5 {looks slightly unpleasant for Black, though the machine notes that he
draws with the only move} e5 $1 35. fxe5 h6 $1 $11) 29... Kxc8 30. Kxg2 $14)
29. Rc4 {[%emt 0:02:00]} Ne6 {[%emt 0:00:06]} 30. f5 {[%emt 0:01:15]} gxf5 {
[%emt 0:02:45]} 31. gxf5 {[%emt 0:00:38]} Ng7 {[%emt 0:02:11]} (31... Nd8 $14 {
limited the damage by not allowing another isolated pawn, though the
co-ordination and space deficits are still there.}) 32. Bxc6+ {[%emt 0:02:55]}
bxc6 {[%emt 0:00:05]} (32... Rxc6 33. e6+ $1 Ke8 {[%cal Ge6f7]} (33... fxe6 34.
Ne5+) 34. exf7+ Kf8 (34... Kxf7 35. Ne5+) 35. Rxc6 bxc6 36. b4 Nxf5 37. Ne5 $16
Nd4 {DF} 38. a4 $18) 33. Nc5+ {[%emt 0:02:16]} Kc7 {[%emt 0:00:06]} 34. Rh4 {
[%emt 0:03:31]} (34. Rb4 Nxf5 35. Rb7+ Kd8 36. Rxa7 $16) 34... h5 {[%emt 0:02:
00]} (34... Nxf5 35. Rxh7 Rf8 36. h4 $16) (34... Rh8 {DF} 35. Rb4 Nxf5 36. Rb7+
Kc8 37. Rxa7 $18) 35. f6 {[%emt 0:00:44] Winning a pawn by force} exf6 {
[%emt 0:00:04]} 36. exf6 {[%emt 0:00:18]} Ne8 {[%emt 0:00:16]} 37. Rxh5 {
[%emt 0:01:02]} Nxf6 {[%emt 0:00:48]} 38. Rf5 {[%emt 0:00:15]} Nd5 {[%emt 0:00:
49]} 39. Rxf7+ {[%emt 0:01:27]} Kd6 {[%emt 0:00:04]} 40. Ne4+ {[%emt 0:00:00]}
Ke5 {[%emt 0:00:00]} 41. Nd2 {[%emt 0:00:00]} a5 {[%emt 0:00:00] Black has
played these last ten moves well, keeping active even at the cost of a pawn,
but unfortunately White's position is probably winning with best play.} 42.
Nc4+ {[%emt 0:00:00]} Ke6 {[%emt 0:00:00]} (42... Kd4 43. Nxa5) 43. Rh7 {
[%emt 0:03:25]} Rb8 {[%emt 0:10:07]} 44. Ke2 {[%emt 0:04:37]} Kf5 {[%emt 0:13:
06]} (44... Rb4 45. Rh6+) (44... a4 $142) 45. Rh6 {[%emt 0:06:04]} Nf6 {
[%emt 0:05:24]} 46. h4 {[%emt 0:01:50]} a4 {[%emt 0:02:27]} 47. Kd3 {[%emt 0:
01:36]} c5 {[%emt 0:01:30]} (47... Rd8+ $16 {would have continued to put up
more active resistance}) 48. Ne3+ {[%emt 0:03:34]} Ke5 {[%emt 0:00:07]} 49. h5
$6 {[%emt 0:02:24]} (49. Rg6 $142 $1 $18 {forces Black's king back for
tactical reasons. The position can't be held anymore.}) 49... Rd8+ {[%emt 0:01:
08] In the game again! I suspect there was an element of time pressure here.}
50. Kc4 $6 {[%emt 0:02:05]} Ne4 $4 {[%emt 0:00:28]} (50... Rd2 $1 $11 {is a
sudden draw; the subtlety here is that while Black can't take on b2
immediately, he does have} 51. Kxc5 Ne4+ 52. Kc6 Kd4 $1 53. Nf5+ Ke5 {The
knight has no good way to avoid the attention of the black king, and ...Rxb2
is always on the cards.}) 51. Kb5 {[%emt 0:02:08] Now White picks up the
a-pawn and there should be no further drama.} Kd4 {[%emt 0:01:19]} 52. Nc4 $18
{[%emt 0:02:26]} a3 {[%emt 0:00:22]} 53. Nxa3 {[%emt 0:00:53]} Nd6+ {[%emt 0:
01:47]} 54. Kc6 {[%emt 0:02:40]} Nf7 {[%emt 0:00:10]} 55. Nb5+ {[%emt 0:01:37]}
1-0

[Event "Japfa Classic"]
[Site "Bali"]
[Date "2000.04.24"]
[Round "3"]
[White "Adianto, Utut"]
[Black "Ehlvest, Jaan"]
[Result "1-0"]
[WhiteElo "2584"]
[BlackElo "2622"]
[Annotator "Ftacnik,L"]
[PlyCount "59"]
[EventDate "2000.04.22"]
[EventType "tourn"]
[EventRounds "9"]
[EventCountry "INA"]
[EventCategory "16"]
[SourceTitle "CBM 077"]
[Source "ChessBase"]
[SourceDate "2000.07.27"]
[SourceVersion "1"]
[SourceVersionDate "2000.07.27"]
[SourceQuality "1"]

1. d4 Nf6 2. c4 g6 3. Nf3 Bg7 4. g3 d5 5. Bg2 dxc4 6. O-O O-O 7. Na3 c3 8. bxc3
c5 9. e3 Nc6 10. Qe2 Nd5 11. Bb2 Nb6 12. Rac1 Be6 13. Rfd1 Qc8 (13... Na4 14.
Ba1 $14) (13... Bxa2 $2 14. dxc5 Nd7 15. c4 e5 16. Qc2 $16) 14. c4 (14. dxc5 $5
Nd7 (14... Na4 15. Qb5 Nxb2 16. Qxb2 Bg4 17. Nc2 Nd8 18. Qa3 Ne6 19. c6 bxc6
20. Qxe7 $14) 15. Nd4 (15. Qb5 a6 $11) 15... Nxc5 16. Qb5 Nd8 $13) 14... Bg4
15. h3 $6 {A strange pawn sacrifice, white hopes to compensate with an active
play in the center with his well prepared pieces.} (15. dxc5 Bxb2 16. Qxb2 Nd7
17. Rd2 Bxf3 18. Bxf3 Nxc5 $14) 15... Bxf3 (15... Bxh3 16. Bxh3 (16. d5 Bxg2
17. Kxg2 Bxb2 18. Qxb2 Nb4 $17) 16... Qxh3 17. dxc5 Na4 18. Bxg7 Kxg7 $15) 16.
Bxf3 (16. Qxf3 Rd8 17. Qf4 Qd7 $15) 16... Qxh3 17. Nb5 (17. Bg4 Qh6 18. Kg2
cxd4 19. exd4 Nxd4 $1 $17) 17... Na4 (17... Qc8 18. dxc5 Bxb2 19. Qxb2 Nd7 20.
Nd4 $11) 18. Ba1 Rfd8 (18... Qc8 $15) 19. Bg4 Qh6 20. Kg2 e5 $2 {[%mdl 64]
Ehlvest is missing the chance to improve his dubious queen on h6 with the help
of more natural move 20..Bf6.} (20... cxd4 21. exd4 a6 22. Rh1 $1 Qg5 23. f4
Qf6 24. d5 e5 25. dxe6 $18) (20... Bf6 21. Rh1 (21. Nc7 Rab8 22. Nd5 Bh8 23.
Rh1 Qf8 $15) 21... Qg7 22. Qc2 Nb6 23. Nc7 Rab8 24. dxc5 Nd7 $13) 21. d5 Nb4 (
21... Ne7 $2 22. Rh1 Qg5 23. f4 $18) 22. a3 Na6 23. f4 $1 exf4 (23... Bh8 24.
fxe5 Qg5 25. e6 $16) 24. Rh1 f3+ (24... Qg5 25. exf4 Re8 26. fxg5 Rxe2+ 27.
Bxe2 $18) 25. Qxf3 Qg5 26. Bxg7 {The knights on the edge of the board can only
dream about helping their own king.} f5 (26... Kxg7 27. Rxh7+ $1 Kxh7 28. Qxf7+
Kh6 29. Rh1+ $18) 27. Be5 $1 Qxg4 $6 (27... fxg4 28. Qf4 Qxf4 29. exf4 Rd7 30.
Nd6 h5 31. f5 $16) 28. Qxg4 fxg4 29. Nd6 Nb6 (29... h5 30. Nxb7 Rd7 31. Nd6 $16
) 30. Rxh7 $1 (30. Rxh7 $1 Kxh7 31. Rh1+ Kg8 32. Rh8#) 1-0

[Event "Capablanca Memorial-A"]
[Site "Cuba"]
[Date "1993.??.??"]
[Round "12"]
[White "Nogueiras Santiago, Jesus"]
[Black "Howell, James C"]
[Result "1-0"]
[WhiteElo "2570"]
[BlackElo "2470"]
[Annotator "Ftacnik,L"]
[PlyCount "101"]
[EventDate "1993.??.??"]
[EventType "tourn"]
[EventRounds "13"]
[EventCountry "CUB"]
[EventCategory "10"]
[SourceTitle "CBM 036"]
[Source "ChessBase"]
[SourceDate "1993.10.01"]
[SourceVersion "1"]
[SourceVersionDate "1993.10.01"]
[SourceQuality "1"]

1. d4 Nf6 2. Nf3 g6 3. g3 Bg7 4. Bg2 O-O 5. O-O d5 6. c4 dxc4 7. Na3 c3 8. bxc3
c5 9. e3 Nc6 10. Bb2 e5 $5 (10... Qa5) 11. Nxe5 (11. dxe5 Ng4 12. Nc4 Ngxe5 13.
Nfxe5 Nxe5 14. Nxe5 Bxe5 $15) 11... Nxe5 12. dxe5 Ng4 13. c4 Nxe5 14. Qb3 Qd2
$1 15. Bxe5 (15. Rad1 Qxb2 16. Qxb2 Nf3+ 17. Bxf3 Bxb2 18. Nb5 $13) 15... Bxe5
16. Rad1 Qb4 $1 17. Rd5 (17. Nb5 Be6 18. Qxb4 cxb4 19. Bxb7 Bxc4 $15) 17... Bf6
18. Rb1 Be6 19. Rdd1 Bg4 20. Rdc1 (20. f3 Qxb3 21. Rxb3 Bc8 22. f4 $13) 20...
Qd2 21. Rc2 (21. Bxb7 Rab8 $17) (21. Qxb7 Qxa2 22. Qa6 Bb2 $17) 21... Qa5 22.
Bd5 $1 Rad8 (22... a6 23. Qb6 $1) 23. e4 Rd6 $6 (23... Bh3 $5) 24. Qd3 Rb6 25.
Rxb6 Qxb6 26. Kg2 $1 a6 27. h3 Bc8 28. Re2 Qc7 29. f4 Bg7 30. Nc2 Bd7 31. Ne1
Qc8 32. g4 b5 33. Nf3 Bxg4 $2 (33... Bc6 34. e5 bxc4 35. Bxc4 Qb7 $132) 34.
hxg4 Qxg4+ 35. Kf2 Qxf4 36. e5 $16 b4 37. Qe3 Qxe3+ (37... Qg4 38. e6 $18) 38.
Kxe3 Re8 39. Kd3 Kf8 40. Rf2 Re7 41. Ng5 Bxe5 42. Bxf7 Bd4 (42... Kg7 43. Ne6+
Kh8 44. Nxc5 $18) 43. Rf3 Re1 44. Bd5+ Ke7 45. Rf7+ Kd6 46. Ra7 Re3+ 47. Kd2
Ke5 (47... Ra3 48. Nf7#) 48. Nf3+ Kf4 49. Rf7+ Kg4 50. Nxd4 cxd4 51. c5 1-0

[Event "AUT-chT qual"]
[Site "Vienna"]
[Date "1996.??.??"]
[Round "2"]
[White "Dizdar, Goran"]
[Black "Ftacnik, Lubomir"]
[Result "0-1"]
[WhiteElo "2525"]
[BlackElo "2585"]
[Annotator "Ftacnik,L"]
[PlyCount "54"]
[EventDate "1996.??.??"]
[EventType "team"]
[EventRounds "3"]
[EventCountry "AUT"]
[SourceTitle "EXT 1999"]
[Source "ChessBase"]
[SourceDate "1998.11.16"]
[SourceVersion "1"]
[SourceVersionDate "1998.11.16"]
[SourceQuality "1"]

1. d4 Nf6 2. Nf3 g6 3. c4 Bg7 4. g3 d5 5. Bg2 dxc4 6. Na3 O-O 7. O-O Nc6 8.
Nxc4 Be6 9. b3 a5 10. Bb2 Bd5 (10... a4 $2 11. Ng5 $1 Bd5 12. e4 $16) 11. Rc1
a4 12. bxa4 Ra6 13. Nfe5 Bxg2 14. Kxg2 Qa8 15. Nxc6 (15. Kg1 $5 Rxa4 16. a3 $13
) (15. a5 $4 b5 $1 $19) 15... bxc6 $1 (15... Rxc6 16. Kg1 (16. a5 $2 Rxc4 17.
Rxc4 b5+ $19) 16... Ra6 17. a5 $14) 16. Kg1 (16. a5 c5+ 17. Kg1 Rd8 $36) 16...
Rxa4 17. Qc2 $2 (17. a3 Rb8 18. Qd2 (18. Ba1 Ne8 {/\ Nd6=/+})) 17... Rb8 (17...
Rxa2 $2 18. Ra1 Rxa1 $8 19. Rxa1 $44) 18. a3 (18. Ne5 Rxa2 19. Ra1 c5 $1 (19...
Rbxb2 $2 20. Qxb2) 20. dxc5 Nd5 21. Nd3 Rbxb2 $1 (21... Bxb2 22. Rxa2 Qxa2 23.
Rb1) 22. Nxb2 Rxa1 $19) 18... Rxc4 (18... c5 19. Ba1 $1 (19. dxc5 Rxc4 20. Qxc4
Rxb2 $17) 19... Ne4 20. dxc5 (20. f3 Nd6 21. Nxd6 cxd6 22. dxc5 Bxa1 23. Rxa1
Rc8 $15) 20... Bxa1 21. Rxa1 Nxc5 22. Rfb1 $13) 19. Qxc4 Rxb2 20. Rb1 (20. Qxc6
Qxc6 $6 21. Rxc6 Rxe2 $6 (21... Ne8 22. e3 Ra2 23. Ra6 f5 $15) 22. Rxc7 h5 $1 {
/\ Ng4-/+}) 20... Rd2 $1 (20... Rxb1 21. Rxb1 Qxa3 22. Qxc6 Qd6 $15) 21. Rfd1
$6 (21. Qb4 Ra2 $1 (21... Rxe2 22. Qb8+ Qxb8 23. Rxb8+ Bf8 24. Ra1 $1 Kg7 25.
a4 $132) 22. Qb8+ Qxb8 23. Rxb8+ Bf8 24. Rc1 (24. Rc8 Nd5 25. e3 Kg7 26. Rc1 e6
27. e4 Bxa3 $1 $19) 24... Kg7 25. Rxc6 e6 26. Rxc7 Bd6 $19) (21. Rfc1 Nd5 $1 (
21... Ne4 $6 22. Qxc6 $1 Rd1+ 23. Kg2 Qxc6 24. Rb8+ $1 Bf8 25. Rxc6) 22. e3 (
22. Qxc6 Rd1+ 23. Kg2 Nf4+ $1 24. gxf4 Qxc6+ 25. Rxc6 Rxb1 $19) 22... c5 $1 23.
dxc5 Nxe3 $17) 21... Ne4 22. Rdc1 (22. d5 cxd5 23. Qxc7 Rxd1+ 24. Rxd1 Nc3 25.
Re1 Bf6 $19) (22. f3 Bxd4+ 23. Kf1 Nd6 24. Qb4 Rxd1+ $19) (22. Qb4 Rxe2 23.
Qb8+ Qxb8 24. Rxb8+ Bf8 $19) (22. e3 Rxf2 $17) 22... c5 $1 (22... Bxd4 $2 23.
e3) (22... Rxd4 23. Qxc6 Rd1+ 24. Kg2 Qxc6 25. Rb8+ $1) 23. d5 (23. dxc5 Bd4
24. e3 (24. Rf1 Nxf2 25. Rxf2 Qe4 26. Rc1 Rd1+ 27. Rxd1 Bxf2+ 28. Kxf2 Qxc4 $19
) 24... Nxf2 $19) 23... Rd4 (23... Qxd5 24. Rb8+ Bf8 25. Qxd5 Rxd5 26. Rc8 $132
) 24. Qc2 (24. Qb3 Rxd5 25. Qb8+ Rd8 26. Rb3 (26. Qxa8 Rxa8 27. Rb3 c4 $1) (26.
Qxc7 Nc3 $1 27. Rb2 Nd5 $19) 26... c4 $1 $19) 24... f5 (24... Qxd5 25. Rb8+ Bf8
$17) 25. Rb5 (25. e3 Rd2 26. Qc4 Qxd5 27. Rb8+ Kf7 $19) (25. f3 Rd2 26. Qb3 Nd6
$17) 25... Qxd5 26. Rb8+ (26. f3 Nc3 $1 $19) 26... Kf7 27. e3 Rd2 (27... Rd2
28. Qa4 (28. Qc4 c6 $5 (28... Qxc4 29. Rxc4 Nxf2 30. Rxc5 Ng4 $19) 29. f3 Ng5
$19) 28... Nxf2 29. Qe8+ Kf6 $19) 0-1

[Event "Linares Anibal op 07th"]
[Site "Linares"]
[Date "2000.01.16"]
[Round "10"]
[White "Mirzoev, Azer"]
[Black "Turov, Maxim"]
[Result "1-0"]
[WhiteElo "2438"]
[BlackElo "2526"]
[Annotator "Ftacnik,L"]
[PlyCount "95"]
[EventDate "2000.01.07"]
[EventType "swiss"]
[EventRounds "10"]
[EventCountry "ESP"]
[SourceTitle "CBM 075"]
[Source "ChessBase"]
[SourceDate "2000.04.05"]
[SourceVersion "1"]
[SourceVersionDate "2000.04.05"]
[SourceQuality "1"]

1. d4 Nf6 2. Nf3 g6 3. g3 Bg7 4. Bg2 O-O 5. O-O d5 6. c4 dxc4 7. Na3 c3 8. bxc3
c5 9. Nc4 Be6 10. Ne3 Nc6 11. Bb2 h6 (11... Qa5 $5 12. Qb1 Rfd8 13. Rd1 $11)
12. Qd3 Rc8 (12... Qa5 13. Rfd1 (13. d5 Rad8 14. c4 Nxd5 15. Bxg7 Nxe3 $17)
13... Rfd8 $13) 13. Rfd1 cxd4 14. cxd4 (14. Nxd4 Bd7 15. Rab1 $11) 14... Nb4
15. Qd2 Nbd5 (15... Nxa2 $5 16. d5 Ne4 17. Qd3 (17. Qe1 Bxb2 18. Rxa2 Bc3 19.
Qf1 Bd7 20. Rxa7 b5 $17) 17... Nac3 (17... Bxb2 18. Rxa2 Nc3 19. Rxb2 Nxd1 20.
Qxd1 $18) 18. dxe6 Nxd1 19. Nxd1 Qxd3 20. exd3 Bxb2 21. Nxb2 Nxf2 22. Nd4 $14)
16. Ne1 {Not the most natural move, but white main hope is to build strong
pawn center.} (16. Nxd5 Bxd5 $15) 16... b6 (16... Nxe3 17. Qxe3 Bd5 18. f3 $11)
17. Nxd5 Bxd5 18. f3 Bb7 19. e4 e6 20. Nd3 Ne8 (20... Nd7 $5 21. Rac1 Qe7 $11)
21. Ne5 Nd6 (21... Bxe5 22. dxe5 Qxd2 23. Rxd2 $14) 22. Rac1 Rxc1 23. Qxc1 (23.
Rxc1 $2 Nxe4 $1 24. fxe4 Bxe5 $17) 23... Qc8 24. Bf1 Rd8 25. Be2 h5 26. Kf2
Qxc1 (26... b5 $5 27. Qc5 $140 Bf8) 27. Rxc1 Rc8 28. Rxc8+ Bxc8 $2 {Black
position was a bit worse, but this inproper move gives up the bishop's pair.} (
28... Nxc8 29. Ba3 Bf8 $13) 29. Nc6 $1 a5 (29... Bb7 30. Nxa7 f5 31. e5 Ne8 32.
h4 Nc7 33. Nb5 $16) 30. Ne7+ Kf8 31. Nxc8 Nxc8 32. a4 $1 {xb6} Nd6 (32... Na7
33. Ke3 Nc6 34. f4 $16) 33. Ke3 Ke7 34. Ba6 $1 {White bishops have lot of
potential, black has to sit back and suffer.} Kd7 35. Kd3 Kc7 (35... f6 36. f4
$16) 36. Bc1 f6 37. f4 Bf8 (37... f5 38. e5 Ne4 39. Bb5 Kd8 40. Be3 Bf8 41. Bc6
Kc7 42. Be8 $18) 38. e5 fxe5 39. fxe5 Nf5 (39... Nf7 40. Ke4 $16) 40. Bc4 Kd7
41. Ke4 Bh6 42. Bb5+ Kd8 (42... Ke7 43. Ba3+ Kf7 44. d5 $16) 43. Bxh6 Nxh6 44.
d5 $1 {White bishop is clearly a more suitable piece for this position with
weaknesses on both sides.} Ng4 (44... exd5+ 45. Kxd5 Ke7 46. Kc6 $18) 45. h4
Nf2+ 46. Kf3 Nd1 47. d6 Nc3 48. Bc6 (48. Bc6 b5 49. axb5 Na4 50. Be4 Nb6 51.
Bxg6 $18) 1-0

[Event "Monarch Assurance 08th"]
[Site "Port Erin"]
[Date "1999.11.13"]
[Round "8"]
[White "Baburin, Alexander"]
[Black "Kudrin, Sergey"]
[Result "1-0"]
[WhiteElo "2593"]
[BlackElo "2525"]
[Annotator "Ftacnik,L"]
[PlyCount "75"]
[EventDate "1999.11.06"]
[EventType "swiss"]
[EventRounds "9"]
[EventCountry "IOM"]
[SourceTitle "CBM 074"]
[Source "ChessBase"]
[SourceDate "2000.02.01"]
[SourceVersion "1"]
[SourceVersionDate "2000.02.01"]
[SourceQuality "1"]

1. d4 Nf6 2. c4 g6 3. Nf3 Bg7 4. g3 d5 5. Bg2 dxc4 6. Na3 c3 7. bxc3 O-O 8. O-O
c5 9. e3 Nc6 10. Qe2 Bf5 11. Rd1 Be4 12. Bb2 Qa5 13. Nd2 Bxg2 14. Nb3 Qd8 (
14... Qb6 15. Kxg2 cxd4 16. cxd4 Na5 17. Nc5 Qc6+ 18. Qf3 b6 $6 (18... Rfc8 19.
Rac1 Qxf3+ 20. Kxf3 Nd5 21. Ba1 Nb4 22. Rb1 Nxa2 23. Nxb7 $11) 19. Qxc6 Nxc6
20. Na6 Nd5 (20... Ne4 21. Rac1 Rfc8 22. Nb5 $16) 21. Nb5 Rfc8 22. Ba3 $1 Nb8 (
22... f5 $5 23. Rac1 Kf7 24. Rd2 Ke8 25. Rdc2 Kd7 $14) 23. Nxb8 Raxb8 24. Rac1
{1-0 Georgiev,K-Svidler,P/Las Vegas/1999/ (47)}) (14... Qc7 15. Kxg2 cxd4 16.
cxd4 $14) 15. Kxg2 cxd4 16. cxd4 Na5 (16... Qd5+ 17. f3 Rac8 18. e4 Qg5 19.
Rac1 $14) 17. e4 {White enjoys serious pull due to his strong center and good
supporting pieces.} Rc8 (17... Nxb3 18. axb3 Qb6 19. d5 Qxb3 20. Rdb1 $1 Qb6
21. Be5 Qc5 22. Rxb7 $16) 18. d5 a6 19. Rac1 Qb6 (19... Rxc1 20. Rxc1 Nxb3 21.
axb3 e6 22. dxe6 fxe6 23. Nc4 $14) 20. Bd4 Qb4 (20... Nxb3 21. Bxb6 Nxc1 22.
Qf3 (22. Qb2 $6 Nxd5 23. Bd4 Nc3 24. Bxc3 Rxc3 25. Qxb7 Rxa3 26. Rxc1 Rxa2 $14)
22... Nxa2 23. Bd4 $16) 21. Qb2 Rxc1 (21... Nc4 22. Nxc4 Rxc4 23. Rxc4 Qxc4 24.
Nc5 b6 25. Rc1 Qb5 26. Qxb5 axb5 27. Bxf6 Bxf6 28. Nd7 $16) 22. Rxc1 Bh6 (22...
Nxb3 23. axb3 b5 24. f3 Ne8 25. e5 (25. Bxg7 Nxg7 26. Nb1 $14) 25... Qa5 26.
Rc5 $14) 23. Nxa5 Qxb2 $6 {Kudrin's choice is understandable, but still
dubious. Two pieces will be stronger than the rook and pawn.} (23... Qxa5 24.
Rc5 b5 25. f3 $14) 24. Bxb2 Bxc1 25. Bxc1 Nxe4 26. N3c4 Rc8 (26... b5 27. Nb6
e6 28. Nc6 $16) 27. Ba3 Rc7 (27... b5 28. Nc6 Rc7 29. N4e5 Kf8 30. Kf3 Nd6 31.
Bxd6 exd6 32. Nd3 $16) 28. Bb4 Nf6 (28... b5 29. Ne3 Nc3 30. Nc6 Nxa2 31. Bxe7
$16) 29. Nb6 Kg7 30. Kf3 {Black pieces are tied down, so it is time to improve
the white king.} g5 31. h3 h5 32. Ke3 Nd7 (32... g4 33. h4 Kg6 34. Kd4 $16) 33.
Nac4 Nxb6 34. Nxb6 f5 35. h4 $1 gxh4 (35... f4+ 36. Ke4 gxh4 37. gxh4 Rc2 38.
Kxf4 Rxf2+ 39. Ke3 Rxa2 40. Bxe7 Kf7 41. Bg5 $16) 36. gxh4 Kf6 $2 (36... Kf7
37. a4 Rc2 38. a5 $16) 37. d6 $1 Rc6 (37... exd6 38. Nd5+ $18) 38. d7 (38. d7
Rxb6 39. Bc3+ Kf7 40. d8=Q $18) 1-0